Regional Background of the American Departure from Afghanistan
Vojenská angažovanosť USA v Afganistane trvá od roku 2001 a odvtedy prešla niekoľkými etapami. Jej charakter sa čiastočne zmenil od doby, keď sa k moci dostala Trumpova administratíva, nadobudla regionálny charakter spôsobujúci početné reakcie zainteresovaných strán (Pakistan, India, Čína, Rusko, Ir...
Salvato in:
| Autore principale: | |
|---|---|
| Natura: | Capitolo di libro |
| Lingua: | inglese |
| Soggetti: | |
| Tags: |
Nessun Tag, puoi essere il primo ad aggiungerne!!
|
MARC
| LEADER | 00000naa$a2200000$$$4500 | ||
|---|---|---|---|
| 001 | 0264315 | ||
| 005 | 20240502083759.6 | ||
| 041 | 0 | |a eng | |
| 044 | |a RU | ||
| 245 | 1 | 0 | |a Regional Background of the American Departure from Afghanistan |c Ľubomír Čech |
| 520 | |a Vojenská angažovanosť USA v Afganistane trvá od roku 2001 a odvtedy prešla niekoľkými etapami. Jej charakter sa čiastočne zmenil od doby, keď sa k moci dostala Trumpova administratíva, nadobudla regionálny charakter spôsobujúci početné reakcie zainteresovaných strán (Pakistan, India, Čína, Rusko, Irán a niektoré postsovietske republiky). Genéza Trumpa Stratégia pre južnú Áziu a Afganistan od roku 2017 ovplyvňujúca spojenecké záväzky USA. | ||
| 610 | 2 | 0 | |a politika zahraničná |
| 610 | 2 | 0 | |a politika medzinárodná |
| 610 | 2 | 0 | |a vzťahy medzinárodné |
| 610 | 2 | 0 | |a intervencie |
| 610 | 2 | 0 | |a vojny |
| 610 | 2 | 0 | |a konflikty |
| 610 | 2 | 0 | |a USA |
| 610 | 2 | 0 | |a Afganistan |
| 100 | 1 | |a Čech, Ľubomír, 1955- | |